00779nam a2200253Ia 4500003000900000008004100009040001300050040001300063041000800076100002100084100001000105245006000115250002200175260002100197260000900218300001100227300001000238490002500248490000700273700001800280942000700298999001700305952020300322IT-RoPAU120407s9999 xx 000 0 und d aIT-RoPAU cIT-RoPAU aita aHumberto Zanetti ccoll. aIl papà in attesa. Un invito al protagonismo paterno. aCinisello Balsamo aEdizioni Paoline c1987 a126 p. c21 cm aEducarsi alla salute v13 aRomano Forleo cBK c24995d24995 00102ddc406610_800000000000000_1371aPAULUSbPAULUSd2012-04-11l0o610.8.13r2012-04-11 00:00:00w2012-04-11yBKzInserito da: Jole In data: 27 settembre 2011 fondo: Via A.Severo 56 Progr:13642